[Event "Let's Play Chess!"]
[Site "http://www.queenalice.com/game.php?id=1861608"]
[Date "2025.8.14"]
[Round "-"]
[White "igor12345"]
[Black "Olavio"]
[Result "1-0"]
[WhiteElo "2068"]
[BlackElo "2111"]

1. e4 g6 2. d4 Bg7 3. Nf3 d6 4. Bc4 Nf6 5. Nc3 Nxe4 6. Bxf7+ Kxf7 7. Nxe4 Rf8 8.
O-O Kg8 9. Bg5 Bg4 10. c3 Qd7 11. Ned2 Na6 12. Qe2 e5 13. Qe3 exd4 14. Nxd4 Rae8
15. Qd3 c5 16. N4f3 Bf5 17. Qc4+ d5 18. Qh4 Bd3 19. Rfe1 Nc7 20. Bh6 Ne6 21.
Bxg7 Nxg7 22. Nb3 b6 23. Ng5 Nf5 24. Qh3 Qb5 25. Qxh7# 1-0

[Event "Let's Play Chess!"]
[Site "http://www.queenalice.com/game.php?id=1861609"]
[Date "2025.8.14"]
[Round "-"]
[White "igor12345"]
[Black "Olavio"]
[Result "1-0"]
[WhiteElo "2049"]
[BlackElo "2125"]

1. e4 g6 2. d4 Bg7 3. Nc3 d6 4. Bc4 Nf6 5. Nge2 O-O 6. Bb3 Nbd7 7. O-O Re8 8. f4
Nf8 9. e5 dxe5 10. fxe5 Ng4 11. Bxf7+ Kh8 12. Bxe8 Qxe8 13. Nf4 Nh6 14. Ncd5 Qd8
15. c3 c6 16. Ne3 Nf5 17. Qf3 Ne6 18. Nxf5 gxf5 19. Nh5 Qf8 20. Ng3 h6 21. Nxf5
Ng5 22. Bxg5 hxg5 23. Qh5+ Kg8 24. Nh6+ 1-0

[Event "Let's Play Chess!"]
[Site "http://www.queenalice.com/game.php?id=1861610"]
[Date "2025.8.15"]
[Round "-"]
[White "igor12345"]
[Black "Olavio"]
[Result "1-0"]
[WhiteElo "2067"]
[BlackElo "2124"]

1. e4 g6 2. d4 Bg7 3. Bc4 d6 4. Ne2 Nf6 5. Nbc3 O-O 6. Bg5 Nbd7 7. O-O c6 8. a3
h6 9. Bf4 e5 10. dxe5 dxe5 11. Be3 Ng4 12. Bd2 Nc5 13. Qc1 Kh7 14. h3 Nf6 15.
Ng3 Be6 16. Be2 Qe7 17. Be3 Rad8 18. b4 Ncd7 19. Na4 b6 20. c4 Ng8 21. c5 b5 22.
Nc3 Ndf6 23. f4 exf4 24. Bxf4 Bc4 25. Qc2 Rd4 26. Bd6 Rxd6 27. Bxc4 Rd4 28. Be2
Rfd8 29. Rad1 Qe5 30. Rf3 Rxd1+ 31. Bxd1 h5 32. Rd3 Nd7 33. Kf2 Ngf6 34. Bf3 h4
35. Nf1 Bh6 36. Kg1 Bf4 37. Qd1 Kh6 38. Ne3 Bxe3+ 39. Rxe3 Nd5 40. Nxd5 cxd5 41.
Qxd5 Qb2 42. Kh2 Qf6 43. Qd2 Ne5 44. Rd3+ g5 45. Rxd8 Nxf3+ 46. gxf3 Qe5+ 47.
Kh1 f6 48. Rd5 Qg3 49. Qg2 Qe1+ 50. Kh2 Qc3 51. f4 gxf4 52. Rf5 Qg3+ 53. Qxg3
1-0

[Event "Let's Play Chess!"]
[Site "http://www.queenalice.com/game.php?id=1861611"]
[Date "2025.8.15"]
[Round "-"]
[White "WoodpusherKid"]
[Black "Olavio"]
[Result "1-0"]
[WhiteElo "2448"]
[BlackElo "2137"]

1. g3 g6 2. d4 Bg7 3. Nf3 Nf6 4. c4 O-O 5. Bg2 Re8 6. Nc3 d5 7. cxd5 Nxd5 8.
Nxd5 Qxd5 9. O-O Qh5 10. Bf4 Na6 11. Qb3 Rb8 12. Ng5 e6 13. Bf3 Qh6 14. Nxf7
Kxf7 15. Bxh6 Bxh6 16. h4 c5 17. dxc5 Nxc5 18. Qa3 Na6 19. Rfc1 Bxc1 20. Rxc1
Bd7 21. Bxb7 1-0

[Event "Challenge"]
[Site "http://www.queenalice.com/game.php?id=1861612"]
[Date "2025.8.14"]
[Round "-"]
[White "jogo"]
[Black "Olavio"]
[Result "0-1"]
[WhiteElo "1602"]
[BlackElo "2123"]

1. e4 e6 2. d4 c5 3. c3 cxd4 4. cxd4 Nf6 5. Nc3 Bb4 6. Bd2 Bxc3 7. bxc3 Nxe4 8.
Nf3 Nxd2 9. Qxd2 O-O 10. O-O-O a6 11. Bd3 Nc6 12. Qc2 f5 13. a3 b5 14. g3 Bb7
15. Rhe1 Rc8 16. Kb1 Qa5 17. Qb2 Ne7 18. Rc1 Bxf3 19. Qb4 Nc6 20. Qd6 Nb8 21.
Kb2 Bd5 22. Qxd7 Nxd7 0-1

[Event "Let's Play Chess!"]
[Site "http://www.queenalice.com/game.php?id=1861956"]
[Date "2025.8.24"]
[Round "-"]
[White "Olavio"]
[Black "Charles56"]
[Result "1-0"]
[WhiteElo "2121"]
[BlackElo "1798"]

1. e4 e5 2. Nf3 d6 3. Bc4 h6 4. Nc3 Nf6 5. O-O a6 6. d4 exd4 7. Nxd4 Bd7 8. f4
Be7 9. e5 dxe5 10. fxe5 Ng4 11. Bxf7+ Kf8 12. Ne6+ Bxe6 13. Bxe6+ Ke8 14. Qxg4
Bg5 15. Qh5+ 1-0

[Event "Let's Play Chess!"]
[Site "http://www.queenalice.com/game.php?id=1861957"]
[Date "2025.8.24"]
[Round "-"]
[White "Charles56"]
[Black "Olavio"]
[Result "1-0"]
[WhiteElo "1774"]
[BlackElo "2097"]

1. Nf3 Nf6 2. b3 g6 3. Ba3 Bg7 4. d4 O-O 5. Nc3 b6 6. e4 Bb7 7. Bc4 Nxe4 8. Nxe4
Bxe4 9. c3 c5 10. O-O d5 11. Bd3 Nd7 12. dxc5 Nxc5 13. Bxc5 bxc5 14. Bxe4 dxe4
15. Qxd8 Rfxd8 16. Ne1 Bxc3 17. Rc1 Bd4 18. Nc2 e5 19. Nxd4 cxd4 20. Rfe1 f5 21.
Rc5 Re8 22. Rec1 f4 23. Kf1 e3 24. fxe3 fxe3 25. Ke2 Rad8 26. Rd1 e4 27. b4 d3+
28. Kxe3 Rd7 29. a4 Re6 30. Rc4 Rde7 31. b5 Kg7 32. g4 h6 33. a5 Re5 34. Rb4 Kf6
35. b6 a6 36. b7 Rxa5 37. b8=Q d2 38. Qb6+ 1-0

[Event "Challenge"]
[Site "http://www.queenalice.com/game.php?id=1862132"]
[Date "2025.8.25"]
[Round "-"]
[White "Mlintz"]
[Black "Olavio"]
[Result "0-1"]
[WhiteElo "1878"]
[BlackElo "2089"]

1. e4 g6 2. Nf3 Bg7 3. d4 d6 4. c4 f5 5. exf5 Bxf5 6. Be2 Nf6 7. Nc3 O-O 8. h3
Ne4 9. Nxe4 Bxe4 10. O-O Nc6 11. a3 Qc8 12. Be3 h6 13. Qd2 Rxf3 14. gxf3 Bf5 15.
Kh2 Kh7 16. Rg1 e5 17. d5 Nd4 18. Bxd4 exd4 19. Bd3 Qf8 20. Rg2 Re8 21. Rag1
Be5+ 22. f4 Bh8 23. Bxf5 Qxf5 24. Rxg6 Qxf4+ 25. Qxf4 Be5 26. Qg3 Bxg3+ 27. fxg3
Kxg6 28. Rg2 d3 29. Rd2 Re2+ 0-1

[Event "Challenge"]
[Site "http://www.queenalice.com/game.php?id=1862133"]
[Date "2025.8.25"]
[Round "-"]
[White "Olavio"]
[Black "Mlintz"]
[Result "0-1"]
[WhiteElo "2111"]
[BlackElo "1868"]

1. e4 e5 2. Nf3 Qe7 3. Bc4 g6 4. Nc3 c6 5. O-O Bg7 6. d4 d6 7. Bg5 Nf6 8. dxe5
dxe5 9. h3 b5 10. Bb3 O-O 11. Qe2 Bb7 12. Rad1 Nbd7 13. Nh2 a5 14. a4 b4 15. Nb1
Ba6 16. Qf3 Bxf1 17. Nxf1 Rfd8 18. Ne3 Nc5 19. Nd2 Rd6 20. Ng4 Rad8 21. Kh2 Nxb3
22. cxb3 h5 23. Nxf6+ Bxf6 24. Bxf6 Rxf6 25. Qe2 Rfd6 26. f4 exf4 27. e5 c5 28.
Kg1 Kg7 0-1

[Event "Let's Play Chess!"]
[Site "http://www.queenalice.com/game.php?id=1862177"]
[Date "2025.8.28"]
[Round "-"]
[White "igor12345"]
[Black "Olavio"]
[Result "0-1"]
[WhiteElo "2058"]
[BlackElo "2084"]

1. e4 e5 2. f4 exf4 3. Nf3 d5 4. e5 Be7 5. d4 Bh4+ 6. Ke2 Bg4 7. Bxf4 Nh6 8. h3
Bxf3+ 9. Kxf3 Nf5 10. g3 Bg5 11. c3 Bxf4 12. gxf4 O-O 13. Qe1 Nc6 14. Ke2 f6 15.
Kd1 fxe5 16. fxe5 Qg5 17. Nd2 Ne3+ 18. Kc1 Rxf1 19. Rxf1 Nxf1 20. Qxf1 Rf8 21.
Qe2 Na5 22. b3 Qg3 23. Kc2 Rf2 24. Qd3 Qg2 25. Rf1 Rxd2+ 26. Qxd2 Qxf1 27. Qg5
Qf8 28. e6 c6 29. Qe5 g6 0-1

[Event "Let's Play Chess!"]
[Site "http://www.queenalice.com/game.php?id=1862178"]
[Date "2025.8.28"]
[Round "-"]
[White "Olavio"]
[Black "igor12345"]
[Result "1-0"]
[WhiteElo "2068"]
[BlackElo "2074"]

1. e4 c5 2. Bc4 Nc6 3. Nf3 d6 4. O-O Nf6 5. Re1 Bg4 6. h3 Bh5 7. Nc3 e6 8. g4
Bg6 9. d4 cxd4 10. Nxd4 a6 11. Nf5 h6 12. Bf4 Ne5 13. Bxe5 dxe5 14. Ng3 Bc5 15.
Qe2 O-O 16. Rad1 Qc7 17. Kg2 Rad8 18. Rxd8 Rxd8 19. Nd1 b5 20. Bb3 Rd4 21. f3
Qd7 22. Qf1 a5 23. c3 Rd6 24. Re2 Kf8 25. f4 Rd2 26. f5 exf5 27. gxf5 Bh7 28.
Ne3 1-0

[Event "Challenge"]
[Site "http://www.queenalice.com/game.php?id=1862256"]
[Date "2025.8.30"]
[Round "-"]
[White "Olavio"]
[Black "jogo"]
[Result "1-0"]
[WhiteElo "2110"]
[BlackElo "1643"]

1. g3 d5 2. Bg2 e5 3. Nc3 Nf6 4. Nf3 e4 5. Ne5 Qd6 6. d4 c5 7. Bf4 Qe7 8. dxc5
Qxc5 9. Be3 Qd6 10. Qd4 Nc6 11. Nxc6 bxc6 12. Bf4 Qb4 13. Qe5+ Be6 14. O-O Qxb2
15. Rfb1 Qa3 16. Rb8+ Rxb8 17. Qxb8+ Kd7 18. Rb1 1-0

[Event "Challenge"]
[Site "http://www.queenalice.com/game.php?id=1862547"]
[Date "2025.9.4"]
[Round "-"]
[White "jogo"]
[Black "Olavio"]
[Result "1-0"]
[WhiteElo "1846"]
[BlackElo "2109"]

1. e4 g6 2. d4 Bg7 3. f4 d6 4. Nf3 Nf6 5. Bd3 O-O 6. h3 Kh8 7. Be3 Ng8 8. Nc3 b6
9. Qe2 Bb7 10. O-O-O Nd7 11. Bf2 e5 12. dxe5 dxe5 13. f5 gxf5 14. exf5 Bxf3 15.
Qxf3 Ngf6 16. Bh4 Qe8 17. Bb5 e4 18. Qf4 a6 19. Qxc7 axb5 20. Nxb5 Rxa2 21. Nc3
Ra1+ 22. Kd2 Rxd1+ 23. Rxd1 Qa8 24. Ke1 Rc8 25. Qg3 Qa5 26. Qf2 Nc5 27. Qd2 e3
28. Qe2 Nce4 29. Qxe3 Nxc3 30. Qxc3 Re8+ 31. Kf1 Qxf5+ 32. Kg1 Rc8 33. Qf3 Qxf3
34. gxf3 Rxc2 35. Rd8+ Ng8 36. Bf2 Rxb2 37. Bd4 Bxd4+ 38. Rxd4 Nf6 39. Rd8+ Kg7
40. Rd6 Nh5 41. Rd5 Nf4 42. Rg5+ 1-0

[Event "Challenge"]
[Site "http://www.queenalice.com/game.php?id=1862548"]
[Date "2025.9.4"]
[Round "-"]
[White "Olavio"]
[Black "jogo"]
[Result "1-0"]
[WhiteElo "2108"]
[BlackElo "1615"]

1. e4 c5 2. Nf3 d6 3. Bc4 e6 4. O-O d5 5. exd5 exd5 6. Re1+ Be7 7. Bb5+ Bd7 8.
Bxd7+ Nxd7 9. Nc3 Ngf6 10. d4 O-O 11. Bg5 cxd4 12. Qxd4 b6 13. Nxd5 Nxd5 14.
Qxd5 Bxg5 15. Nxg5 Nf6 16. Qxd8 Rfxd8 17. Rad1 Rxd1 18. Rxd1 h6 19. Nf3 Re8 20.
Kf1 g5 21. h3 g4 22. Nd4 Rd8 23. c3 gxh3 24. gxh3 Nh5 25. Rd3 Nf4 26. Rg3+ Kf8
27. Rf3 1-0

[Event "Colatina-ES X Andirá-PR "]
[Site "http://www.queenalice.com/game.php?id=1863136"]
[Date "2025.9.19"]
[Round "-"]
[White "Mlintz"]
[Black "Olavio"]
[Result "0-1"]
[WhiteElo "1886"]
[BlackElo "2093"]

1. e4 g6 2. Nc3 Bg7 3. Nge2 c6 4. d3 e5 5. h4 Ne7 6. d4 O-O 7. Be3 d5 8. f3 Qd6
9. Qd2 exd4 10. Bxd4 Bxd4 11. Nxd4 Qg3+ 12. Qf2 Qxf2+ 13. Kxf2 Be6 14. Nxe6 fxe6
15. exd5 exd5 16. Be2 Nd7 17. Rad1 a6 18. a4 Rae8 19. g3 Nf5 20. b3 Rf6 21. g4
Ne3 22. Rd2 Nxg4+ 23. Kg3 Nh6 24. Kg2 Nf5 25. h5 g5 26. Nb1 Nc5 27. Kh3 Re3 28.
Kg4 h6 29. Rf1 Nd7 0-1

[Event "Andirá-PR X Colatina-ES "]
[Site "http://www.queenalice.com/game.php?id=1863137"]
[Date "2025.9.19"]
[Round "-"]
[White "Olavio"]
[Black "Mlintz"]
[Result "1-0"]
[WhiteElo "2073"]
[BlackElo "1840"]

1. e4 e5 2. Nf3 Qe7 3. Nc3 c6 4. Be2 Nf6 5. O-O g6 6. Re1 Bg7 7. b3 d6 8. Bb2
O-O 9. h3 Rd8 10. Bf1 b5 11. d4 Bb7 12. Nh2 Ng4 13. Nxg4 exd4 14. Ne2 c5 15. Ng3
Nc6 16. a3 Ne5 17. Bxb5 h5 18. Nh2 a6 19. Bf1 a5 20. f4 Nc6 21. Bd3 Nb8 22. Qf3
Qf8 23. f5 Bh6 24. Bc1 Qg7 25. Bxh6 Qxh6 26. Re2 Nd7 27. Qf2 Ne5 28. Rf1 g5 29.
Nh1 Nxd3 30. cxd3 f6 31. Qf3 Rd7 32. g4 h4 33. Nf2 Rb8 34. Rb1 Ba8 35. Nf1 Qf8
36. Reb2 Rdb7 37. Nd2 a4 38. Qd1 axb3 39. Rxb3 Rxb3 40. Rxb3 Rxb3 41. Qxb3+ Kg7
42. Nc4 1-0

[Event "Challenge"]
[Site "http://www.queenalice.com/game.php?id=1863438"]
[Date "2025.9.27"]
[Round "-"]
[White "jogo"]
[Black "Olavio"]
[Result "1-0"]
[WhiteElo "1817"]
[BlackElo "2101"]

1. e4 g6 2. d4 Bg7 3. Nc3 d6 4. f4 e5 5. dxe5 Nh6 6. Nf3 O-O 7. h3 Nc6 8. g4 Kh8
9. f5 Nxe5 10. Nxe5 Bxe5 11. Qf3 Ng8 12. Nd5 c6 13. Ne3 Qh4+ 14. Kd1 Bd7 15. Nc4
Qe7 16. Nxe5 Qxe5 17. c3 Rae8 18. Bf4 Qe7 19. Bd3 g5 20. Bd2 f6 21. Re1 Nh6 22.
c4 c5 23. h4 Nf7 24. hxg5 Nxg5 25. Qh1 Ba4+ 26. b3 Qe5 27. Kc2 Bc6 28. Bc3 Qe7
29. Re2 Rf7 30. Rae1 Qf8 31. Rh2 Qg7 32. Rh5 Rfe7 33. Qh4 Bxe4 34. Bxe4 Rxe4 35.
Rxe4 Nxe4 36. Bb2 Kg8 37. g5 fxg5 38. Bxg7 gxh4 39. Bh6 Kf7 40. Rxh4 Kf6 41. Bf4
Kxf5 42. Kd3 Nf2+ 43. Kd2 1-0

[Event "Challenge"]
[Site "http://www.queenalice.com/game.php?id=1863439"]
[Date "2025.9.27"]
[Round "-"]
[White "Olavio"]
[Black "jogo"]
[Result "1-0"]
[WhiteElo "2085"]
[BlackElo "1894"]

1. c4 Nf6 2. g3 e6 3. Bg2 c6 4. Nf3 d5 5. cxd5 exd5 6. O-O Bd6 7. Nc3 O-O 8. d3
h6 9. Qc2 b5 10. e4 Re8 11. Re1 b4 12. Na4 dxe4 13. dxe4 Qc7 14. Nc5 Bxc5 15.
Qxc5 Qb6 16. Qc2 Na6 17. Nh4 g5 18. Nf5 Bxf5 19. Be3 Qb5 20. exf5 Nd5 21. Bd4
Rxe1+ 22. Rxe1 Kf8 23. f6 Rc8 24. Qh7 1-0

[Event "Let's Play Chess!"]
[Site "http://www.queenalice.com/game.php?id=1864939"]
[Date "2025.10.30"]
[Round "-"]
[White "Olavio"]
[Black "WoodpusherKid"]
[Result "0-1"]
[WhiteElo "2082"]
[BlackElo "2568"]

1. c4 e5 2. g3 c6 3. Bg2 Nf6 4. e3 d5 5. cxd5 cxd5 6. Nc3 d4 7. exd4 exd4 8. Ne4
d3 9. Rb1 Qe7 10. f3 g6 11. Nh3 Bxh3 12. Bxh3 Nxe4 13. Qa4+ Nc6 14. Qxe4 f5 15.
Qxe7+ Bxe7 16. O-O O-O-O 17. b3 h5 18. Bb2 Bc5+ 19. Kg2 Rhe8 20. Rfe1 Re2+ 21.
Rxe2 dxe2 22. Bc3 Nb4 23. d4 Bd6 24. Rb2 Re8 25. Rc2 Nxc2 0-1

[Event "Let's Play Chess!"]
[Site "http://www.queenalice.com/game.php?id=1864943"]
[Date "2025.10.30"]
[Round "-"]
[White "Capixabba789"]
[Black "Olavio"]
[Result "1/2-1/2"]
[WhiteElo "1970"]
[BlackElo "2080"]

1. d4 g6 2. e4 Bg7 3. f4 d6 4. Nf3 Nf6 5. Bd3 O-O 6. O-O b6 7. Be3 Bb7 8. Nbd2
Nbd7 9. c3 c5 10. d5 e5 11. c4 exf4 12. Bxf4 Re8 13. Rb1 Ne5 14. Bc2 Re7 15. b3
Qc7 16. a4 Rae8 17. Re1 Nxf3+ 18. Qxf3 Nh5 19. Bg5 Bd4+ 20. Kh1 Re5 21. Bh4 f5
22. exf5 Rxe1+ 23. Bxe1 Re3 24. Qg4 Qe7 25. Bh4 Bf6 26. fxg6 h6 27. Qxh5 Bxh4
28. Nf3 Bg5 29. h3 Bc8 30. Nxg5 Re1+ 31. Rxe1 Qxe1+ 32. Kh2 Qe5+ 1/2-1/2